000 00495nam a2200181Ia 4500
008 151202s9999||||xx |||||||||||||| ||und||
082 _bPNVM-28455
100 _aअश्मसार
245 _aनिवडक अश्मसार.
260 _b---
260 _c0
300 _a0
600 _aअश्मसार
630 _aनिवडक अश्मसार.
700 _aअश्मसार
730 _aनिवडक अश्मसार.
942 _cBOOK
999 _c1294423
_d1294420